Programa de psicología / (Registro nro. 12548)

Detalles MARC
000 -LEADER
fixed length control field 01526nam a2200325 a 4500
001 - CONTROL NUMBER
control field 000044294
003 - CONTROL NUMBER IDENTIFIER
control field DO-SdBNP
005 - DATE AND TIME OF LATEST TRANSACTION
control field 20180306094918.0
008 - FIXED-LENGTH DATA ELEMENTS--GENERAL INFORMATION
fixed length control field 140613s2001 dr a 000 0 spa d
040 ## - CATALOGING SOURCE
Original cataloging agency BPMSU
Language of cataloging spa
Transcribing agency BPMSU
100 1# - MAIN ENTRY--PERSONAL NAME
Personal name Rosario, Lucila de
245 10 - TITLE STATEMENT
Title Programa de psicología /
Statement of responsibility, etc. Lucila de Rosario.
Remainder of title
246 14 - VARYING FORM OF TITLE
Title proper/short title Programa de psicología Pre y Post natal
246 14 - VARYING FORM OF TITLE
Title proper/short title Guía práctica de psicología prenatal
250 ## - EDITION STATEMENT
Edition statement 2a ed.
260 ## - PUBLICATION, DISTRIBUTION, ETC. (IMPRINT)
Place of publication, distribution, etc. Santo Domingo :
Name of publisher, distributor, etc. Instituto Dominicano de Seguro Social,
Date of publication, distribution, etc. 2001.
300 ## - PHYSICAL DESCRIPTION
Extent v. :
Other physical details il. retrs. ;
Dimensions 27 cm.
490 ## - SERIES STATEMENT
Series statement Crecimiento socio alegre
500 ## - GENERAL NOTE
General note Técnicas fundamentales en el desarrollo de la personalidad del niño y su educación
500 ## - GENERAL NOTE
General note
500 ## - GENERAL NOTE
General note Para embarazadas y desarrollo del niño. Programa creado y aplicado desde el 1992 a madres con niños en edad de 0-1 años
500 ## - GENERAL NOTE
General note Para niños y niñas de 0-7 años de edad
500 ## - GENERAL NOTE
General note Desde la etapa prenatal
505 ## - FORMATTED CONTENTS NOTE
Miscellaneous information v. 1
Title Formando super bebes -- La educación integral desde la etapa prenatal hasta los 5 años -- Guía práctica del programa de psicología Pre y Post natal formando superbebes.
505 ## - FORMATTED CONTENTS NOTE
Miscellaneous information v.2
Title Formando super bebes -- Psicolgía práctica -- Aspectos fundamentales en el desarrollo de la personalidad del diño -- Técnicas complementarias al educar al niño.
830 ## - SERIES ADDED ENTRY--UNIFORM TITLE
Name of part/section of a work Crecimiento socio alegre
942 ## - ADDED ENTRY ELEMENTS (KOHA)
Source of classification or shelving scheme Dewey Decimal Classification
Koha item type Libros
945 ## - LOCAL PROCESSING INFORMATION (OCLC)
a Inventariado extranjero / 2017 YL
956 ## - LOCAL ELECTRONIC LOCATION AND ACCESS (OCLC)
Host name VMATEO
Access number 10
Compression information 20170209
Logon BPMSU
Processor of request 0069
Existencias
Withdrawn status Lost status Source of classification or shelving scheme Damaged status Not for loan Collection code Home library Current library Date acquired Source of acquisition Total Checkouts Barcode Date last seen Copy number Price effective from Koha item type
    Dewey Decimal Classification     Colección Dominicana Biblioteca Pública Metropolitana Salomé Ureña Biblioteca Pública Metropolitana Salomé Ureña 02/09/2017 Fundación Educativa y Cultural (FUNDI)   BPMSU17020014 02/09/2017 v. 1 02/09/2017 Libros
    Dewey Decimal Classification     Colección Dominicana Biblioteca Pública Metropolitana Salomé Ureña Biblioteca Pública Metropolitana Salomé Ureña 02/09/2017 Fundación Educativa y Cultural (FUNDI)   BPMET17020015 02/09/2017 v. 1, e 2 02/09/2017 Libros
    Dewey Decimal Classification     Colección Dominicana Biblioteca Pública Metropolitana Salomé Ureña Biblioteca Pública Metropolitana Salomé Ureña 02/09/2017 Fundación Educativa y Cultural (FUNDI)   BPMET17020016 02/09/2017 v. 2 02/09/2017 Libros
    Dewey Decimal Classification     Colección Dominicana Biblioteca Pública Metropolitana Salomé Ureña Biblioteca Pública Metropolitana Salomé Ureña 02/09/2017 Fundación Educativa y Cultural (FUNDI)   BPMET17020017 02/09/2017 v. 2, e. 2 02/09/2017 Libros